MyGZULibrary

Public relations : (Record no. 3310)

MARC details
000 -LEADER
fixed length control field 01236cam a2200349 a 4500
001 - CONTROL NUMBER
control field 15123711
003 - CONTROL NUMBER IDENTIFIER
control field GZU
005 - DATE AND TIME OF LATEST TRANSACTION
control field 20201125092121.0
008 - FIXED-LENGTH DATA ELEMENTS--GENERAL INFORMATION
fixed length control field 071228s2009 maua b 001 0 eng
010 ## - LIBRARY OF CONGRESS CONTROL NUMBER
LC control number 2007052817
020 ## - INTERNATIONAL STANDARD BOOK NUMBER
International Standard Book Number 9780205581481
020 ## - INTERNATIONAL STANDARD BOOK NUMBER
International Standard Book Number 020558148X
035 ## - SYSTEM CONTROL NUMBER
System control number (OCoLC)ocn186349131
035 ## - SYSTEM CONTROL NUMBER
System control number (OCoLC)186349131
040 ## - CATALOGING SOURCE
Original cataloging agency DLC
Transcribing agency DLC
Modifying agency YDX
-- YDXCP
-- BAKER
-- DLC
043 ## - GEOGRAPHIC AREA CODE
Geographic area code n-us---
050 00 - LIBRARY OF CONGRESS CALL NUMBER
Classification number HD 59
Item number .WIL 2009
082 00 - DEWEY DECIMAL CLASSIFICATION NUMBER
Classification number 659.2
Edition number 22
245 00 - TITLE STATEMENT
Title Public relations :
Remainder of title strategies and tactics /
Statement of responsibility, etc. Dennis L. Wilcox, Glen T. Cameron.
250 ## - EDITION STATEMENT
Edition statement 9th ed.
260 ## - PUBLICATION, DISTRIBUTION, ETC.
Place of publication, distribution, etc. Boston :
Name of publisher, distributor, etc. Person/Allyn and Bacon,
Date of publication, distribution, etc. c2009.
300 ## - PHYSICAL DESCRIPTION
Extent xxvii, 612 p. :
Other physical details ill. (chiefly col.) ;
Dimensions 27 cm.
504 ## - BIBLIOGRAPHY, ETC. NOTE
Bibliography, etc. note Includes bibliographical references (p. [593]-600) and index.
650 #0 - SUBJECT ADDED ENTRY--TOPICAL TERM
Topical term or geographic name entry element Public relations.
650 #0 - SUBJECT ADDED ENTRY--TOPICAL TERM
Topical term or geographic name entry element Public relations
Geographic subdivision United States.
700 1# - ADDED ENTRY--PERSONAL NAME
Personal name Cameron, Glen T.
700 1# - ADDED ENTRY--PERSONAL NAME
Personal name Wilcox, Dennis L.
856 41 - ELECTRONIC LOCATION AND ACCESS
Materials specified Table of contents only
Uniform Resource Identifier <a href="http://www.loc.gov/catdir/toc/ecip087/2007052817.html">http://www.loc.gov/catdir/toc/ecip087/2007052817.html</a>
906 ## - LOCAL DATA ELEMENT F, LDF (RLIN)
a 7
b cbc
c orignew
d 1
e ecip
f 20
g y-gencatlg
942 ## - ADDED ENTRY ELEMENTS (KOHA)
Source of classification or shelving scheme Library of Congress Classification
Koha item type Books
Edition 9th ed.
Classification part 59
Item part WIL
Call number prefix HD
Holdings
Withdrawn status Lost status Damaged status Not for loan Collection code Home library Current library Shelving location Date acquired Total Checkouts Full call number Barcode Date last seen Copy number Price effective from Koha item type
        Non-fiction City Campus Library City Campus Library General Stacks 11/25/2020   HD 59 WIL 2009 009726 11/25/2020 c.1 11/25/2020 Books